Statistics for Highest-Grossing Films of 2023

Click here to take the quiz!

General Stats

  • This quiz has been taken 37 times
  • The average score is 6 of 10

Answer Stats

RankDirector(s)ActorGrossAnswer% Correct
1Greta GerwigMargot Robbie$1.4 billionBarbie
100%
3Christopher NolanCillian Murphy$959 millionOppenheimer
97%
4James GunnChris Pratt$845 millionGuardians of the Galaxy Vol. 3
76%
8Paul KingTimothée Chalamet$604 millionWonka
76%
2Aaron Horvath
Michael Jelenic
Chris Pratt$1.3 billionThe Super Mario Bros. Movie
65%
5Louis LeterrierVin Diesel$714 millionFast X
65%
10Rob MarshallHalle Bailey$569 millionThe Little Mermaid
59%
6Joaquim Dos Santos
Kemp Powers
Justin K. Thompson
Shameik Moore$690 millionSpider-Man: Across the Spider-Verse
50%
7Zhang YimouShen Teng$637 millionFull River Red
3%
9Frant GwoWu Jing$604 millionThe Wandering Earth 2
3%

Score Distribution

Percentile by Number Answered

Percent of People with Each Score

Your Score History

You have not taken this quiz